000 00528nam a2200205Ia 4500
005 20240528094310.0
008 131103s9999 xx 000 0 und d
020 _a0 33390 718 3
040 _aLoreto College
041 _aEnglish
082 _a510
_bNOR
100 _aNoronha, F J
245 _aMacmillan integrated mathematics
_b for class vIII
_cF J Noronha & A T Balraj
260 _aDelhi
_bMacmillan
_c1981
300 _a103p.
650 _aMathematics
700 _aBalraj, A T
850 _aLCBED
942 _cBK
999 _c28149
_d78628